00920nab a22002057a 4500003000400000005001700004008004100021040000700062100002300069245008100092260007300173300001500246500003600261505012200297505008200419650001800501650002700519650001900546773014900565OSt20251218101137.0190429b xxu||||| |||| 00| 0 spa d cPJ aCasas, Sebastián10aEnsayo sobre el derecho penal en la era de la big data /cSebastián Casas. cCiudad Autónoma de Buenos Aires :aThomson Reuters La Ley, b2025. ap. 199-223 aCita: TR LALEY AR/DOC/396/2025. aSumario: I. Estado de situación.— II. Y en el medio los mismos de siempre.— III. Big data y últimas palabras. tSi te interesa el texto completo, solicitalo a koha@justierradelfuego.gov.ar  0aDERECHO PENAL 0aCIENCIA Y TECNOLOGÍA 0aCRIMINOLOGÍA0 02658tRevista de derecho penal y criminología. Nº 3 - Abril 2025dCiudad Autónoma de Buenos Aires : Thomson Reuters La Ley, 2017-x00347914